| 000 | 01536nam a22004457a 4500 | ||
|---|---|---|---|
| 003 | CHAP | ||
| 005 | 20220817044117.0 | ||
| 008 | 060620d2004 it rn 00110 eng d | ||
| 010 | _a92420 | ||
| 011 | _a93392 | ||
| 020 | _a9251052409 | ||
| 035 | _a103964 | ||
| 040 | _cCHAP | ||
| 082 | 0 | 4 |
_a338.16 _bF32 v.5 |
| 110 | 2 | _aFAO | |
| 245 | 1 | 0 |
_aVoluntary standards and certification for environmentally and socially responsible agricultural production and trade _c/by Pascal Liu, Mikkel Andersen and Catherine Pazderka |
| 260 |
_aRome : _bFAO, _c2004. |
||
| 300 | _a70 p. | ||
| 410 | 2 | 0 | _aFAO |
| 490 | 0 |
_aDocumentos de la FAO sobre productos básicos y comercio _v; 5 |
|
| 590 |
_aBATCH-UPD _b10 _c20130110 _lUCH01 _h0043 |
||
| 590 |
_aBATCH-UPD _b10 _c20130110 _lUCH01 _h0649 |
||
| 590 |
_aBATCH-UPD _b10 _c20130409 _lUCH01 _h2028 |
||
| 590 |
_aBATCH-UPD _b10 _c20130410 _lUCH01 _h0334 |
||
| 590 |
_aBATCH-UPD _b10 _c20130913 _lUCH01 _h2233 |
||
| 590 |
_aCONVERSION _b10 _c20130109 _lUCH01 _h1351 |
||
| 650 | 1 | 4 |
_aAgricultura orgánica. _92005 |
| 650 | 1 | 4 |
_aAlimentos orgánicos. _94316 |
| 650 | 1 | 4 |
_aAlimentos _xEtiquetado. |
| 650 | 1 | 4 |
_aProductos agrícolas _xCalidad. _991922 |
| 700 | 1 |
_aAndersen, Mikkel. _95549 |
|
| 700 | 1 |
_aLiu, Pascal. _967191 |
|
| 700 | 1 |
_aPazderka, Catherine. _986378 |
|
| 810 | 0 | _aFAO | |
| 830 | 0 | 0 |
_aDocumentos de la FAO sobre productos básicos y comercio _v; 5 _933266 |
| 901 | _aBK | ||
| 905 | _aLilia | ||
| 942 | _cLIBRO | ||
| 949 |
_a338.16 F32 v.5 _bBC _cFAO _d33724000990230 _eFAO1 _h108004 _i103964 _sb |
||
| 999 |
_c92420 _d92420 |
||